Still Game quiz - Statistics

General Stats
  • This quiz has been taken 156 times
  • The average score is 4 of 15
Answer Stats
Hint Answer % Correct
How many chops did Peggy ask for right before Winston demanded a sqaure go? 6
100%
What is the first episode called? Flitten
46%
What was the name of the show the Clasnmen was on? Blighty's hardest boozers
39%
What size was the biggest pizza that was offered by Stacy? 18 inches
30%
What was Victors son called in the first episode? Jamie
30%
What did Jack have this morning? A boner
27%
What did the owner of the tobacco shop say to Jack and Victor after chucking them out the shop? Good day
27%
Who was Jack and Victors romantic interests in 'Fly Society'? Pam and Liz
16%
What flavour of bubbilicious did Jack and Victor have? Watermelon
16%
What is the best episode of Still Game? Cairds
14%
What Movie made everyone explode with joy in 'A Fresh Lick'? Police Academy 8 mission to Moscow
8%
What did Victor's son say when he asked Victor about his trip to Canada? What like was Canada
6%
How much money did Winston mistakely put the prices of the tins of sweetcorn? £9.95
4%
What does Fiona (Jacks Daughter) and her mother have in common? Appetite of a sparra
4%
What are they described as? Smashing girls
1%
No matching quizzes found
Score Distribution
Percent of People with Each Score
Percentile by Number Answered
Your Score History
You have not taken this quiz